[Event "ch-GBR KO 2019"]
[Site "London ENG"]
[Date "2019.12.01"]
[Round "1.1"]
[White "Howell, David W L"]
[Black "Horton, Andrew P"]
[Result "1-0"]
[WhiteTitle "GM"]
[BlackTitle "IM"]
[WhiteElo "2676"]
[BlackElo "2378"]
[WhiteFideId "410608"]
[BlackFideId "424269"]
[EventDate "2019.12.01"]

1. Nf3 Nf6 2. c4 e6 3. Nc3 Bb4 4. Qc2 d6 5. a3 Bxc3 6. Qxc3 O-O 7. d3 a5 8. b3
e5 9. e3 Re8 10. Be2 Nbd7 11. Bb2 Qe7 12. O-O Nf8 13. Nd2 Ng6 14. Rae1 Bg4 15.
f3 Bd7 16. f4 Bg4 17. fxe5 dxe5 18. Nf3 b6 19. h3 Bd7 20. Nd2 Bc6 21. Rf2 Bb7
22. Nf1 Rad8 23. Ng3 Bc8 24. d4 exd4 25. exd4 Qe3 26. d5 Qxc3 27. Bxc3 Ne4 28.
Nxe4 Rxe4 29. Bf1 Rxe1 30. Bxe1 Re8 31. Re2 Rxe2 32. Bxe2 Ne5 33. Bg3 f6 34. Kf2
Bf5 35. Ke3 Bc2 36. b4 axb4 37. axb4 Kf7 38. Kd4 Ke7 39. Bxe5 fxe5+ 40. Kxe5 h6
41. h4 Bb1 42. g3 Bc2 43. Bf1 Bg6 44. Kd4 Kd6 45. Bd3 Bf7 46. c5+ bxc5+ 47.
bxc5+ Ke7 48. Ke5 Kd7 49. g4 Ke7 50. h5 Kd7 51. Bf5+ Ke7 52. Bd3 Kd7 53. Bf5+
Ke7 54. c6 Bg8 55. Bg6 Kd8 56. Bf5 Ke7 57. Bg6 Kd8 58. d6 Bc4 59. Be4 Bb3 60.
Bf3 Bc4 61. Be4 Bb3 62. Bd5 Bd1 63. Be6 Bc2 64. Bd7 Bd3 65. Kd5 Bc2 66. dxc7+
Kxc7 67. Ke6 g6 68. Kf6 gxh5 69. gxh5 Kd8 70. Kg7 Ke7 71. Kxh6 Bd1 72. Kg6 Bf3
73. h6 Kf8 74. c7 Bb7 75. h7 1-0

[Event "ch-GBR KO 2019"]
[Site "London ENG"]
[Date "2019.12.01"]
[Round "1.1"]
[White "Adams, Michael"]
[Black "Harvey, Marcus R"]
[Result "1/2-1/2"]
[WhiteTitle "GM"]
[BlackTitle "FM"]
[WhiteElo "2701"]
[BlackElo "2412"]
[WhiteFideId "400041"]
[BlackFideId "400092"]
[EventDate "2019.12.01"]

1. e4 e6 2. d4 d5 3. Nc3 Nf6 4. Bg5 dxe4 5. Nxe4 Be7 6. Bxf6 gxf6 7. Qd2 a6 8.
O-O-O f5 9. Nc3 b5 10. Nf3 Qd6 11. Ne5 Nd7 12. f4 Bb7 13. Rg1 Nxe5 14. fxe5 Qb6
15. g4 Rg8 16. Qf2 fxg4 17. Bg2 O-O-O 18. Bxb7+ Kxb7 19. Rxg4 Rxg4 20. Qf3+ Qc6
21. Qxg4 f5 22. exf6 Bxf6 23. Kb1 b4 24. Ne2 e5 25. d5 Rxd5 26. Rxd5 Qxd5 27.
Qxb4+ Kc6 28. Qc3+ Kb7 29. Qe1 e4 30. Ng3 Be5 31. Nxe4 1/2-1/2

[Event "ch-GBR KO 2019"]
[Site "London ENG"]
[Date "2019.12.01"]
[Round "1.2"]
[White "Horton, Andrew P"]
[Black "Howell, David W L"]
[Result "1/2-1/2"]
[WhiteTitle "IM"]
[BlackTitle "GM"]
[WhiteElo "2378"]
[BlackElo "2676"]
[WhiteFideId "424269"]
[BlackFideId "410608"]
[EventDate "2019.12.01"]

1. Nf3 d5 2. c4 c6 3. g3 Bg4 4. Bg2 e6 5. O-O Nf6 6. b3 Nbd7 7. Bb2 Bd6 8. d4
Qb8 9. Nbd2 O-O 10. Re1 Re8 11. e4 dxe4 12. Nxe4 Nxe4 13. Rxe4 Bh5 14. Qd2 a5
15. a3 Qc7 16. Rae1 Rad8 17. Qc3 Nf6 18. R4e2 c5 19. dxc5 Bxc5 20. b4 axb4 21.
axb4 Bf8 22. h3 Bxf3 23. Bxf3 b6 24. Rc1 Rc8 25. Rec2 Red8 26. c5 bxc5 27. bxc5
Nd5 28. Bxd5 Rxd5 29. c6 h5 30. h4 Rc5 31. Qe3 Rd5 32. Rd2 Qd6 33. Rxd5 Qxd5 34.
Qc3 f6 35. Ba3 Rc7 36. Bxf8 Kxf8 37. Qb4+ Kf7 38. Qb6 Qd6 39. Qb5 Kg6 40. Qe2
Qd5 41. Qc2+ Kf7 42. Qc3 Kg6 43. Qc2+ Kf7 44. Qc3 Kg6 1/2-1/2

[Event "ch-GBR KO 2019"]
[Site "London ENG"]
[Date "2019.12.01"]
[Round "1.2"]
[White "Harvey, Marcus R"]
[Black "Adams, Michael"]
[Result "1/2-1/2"]
[WhiteTitle "FM"]
[BlackTitle "GM"]
[WhiteElo "2412"]
[BlackElo "2701"]
[WhiteFideId "400092"]
[BlackFideId "400041"]
[EventDate "2019.12.01"]

1. Nf3 d5 2. b3 Nf6 3. Bb2 e6 4. e3 Bd6 5. c4 O-O 6. Qc2 c5 7. cxd5 exd5 8. d4
cxd4 9. Nxd4 Nc6 10. Nxc6 bxc6 11. Nd2 c5 12. Bd3 Bb7 13. O-O d4 14. e4 Ng4 15.
Nf3 Qc7 16. h3 Nh2 17. Nxh2 Bxh2+ 18. Kh1 Bf4 19. Bc1 Rac8 20. Bxf4 Qxf4 21. Qc1
Qd6 22. f4 f6 23. Qc4+ Kh8 24. Rae1 Rfe8 25. Qf7 Re7 26. Qh5 Qc6 27. Rf2 Ba6 28.
Qe2 Bxd3 29. Qxd3 Rce8 30. Rfe2 Qd6 31. Rf2 g6 32. Kh2 a5 33. g3 Qc6 34. Rfe2
Kg7 35. h4 h5 36. Kg1 Re6 37. Kf2 R8e7 38. Qf3 a4 39. e5 Qxf3+ 40. Kxf3 axb3 41.
axb3 fxe5 42. fxe5 Rb6 43. Ke4 Rxb3 44. Kd5 Rd7+ 45. Kc6 Rbb7 46. e6 Rbc7+ 47.
Kb5 Rd8 48. e7 Rb8+ 49. Kc4 Re8 50. Re4 Kf7 51. Rf1+ Kg7 52. Rfe1 Kf7 1/2-1/2

[Event "ch-GBR KO 2019"]
[Site "London ENG"]
[Date "2019.12.01"]
[Round "1.2"]
[White "Jones, Gawain C B"]
[Black "Pert, Nicholas"]
[Result "1/2-1/2"]
[WhiteTitle "GM"]
[BlackTitle "GM"]
[WhiteElo "2683"]
[BlackElo "2560"]
[WhiteFideId "409561"]
[BlackFideId "403989"]
[EventDate "2019.12.01"]

1. e4 c5 2. Nf3 Nc6 3. Bb5 g6 4. c3 Nf6 5. Qe2 Bg7 6. d4 cxd4 7. cxd4 d5 8. e5
Ne4 9. O-O O-O 10. Be3 f5 11. Nc3 f4 12. Bc1 Bg4 13. Bxc6 Nxc3 14. bxc3 bxc6 15.
h3 Bh5 16. Ba3 g5 17. Rab1 Rf7 18. Rb7 Bf8 19. e6 Rf6 20. Qe5 Bxf3 21. gxf3 Qe8
22. Kh2 Qg6 23. Rg1 h6 24. Re1 Re8 25. Rxa7 Qc2 26. Qe2 Qh7 27. Qe5 Qc2 28. Qe2
Qh7 29. Qe5 Qc2 1/2-1/2

[Event "ch-GBR KO 2019"]
[Site "London ENG"]
[Date "2019.12.01"]
[Round "1.3"]
[White "Adams, Michael"]
[Black "Harvey, Marcus R"]
[Result "1/2-1/2"]
[WhiteTitle "GM"]
[BlackTitle "FM"]
[WhiteElo "2701"]
[BlackElo "2412"]
[WhiteFideId "400041"]
[BlackFideId "400092"]
[EventDate "2019.12.01"]

1. e4 e6 2. d4 d5 3. Nd2 a6 4. Ngf3 Nf6 5. e5 Nfd7 6. Bd3 c5 7. c3 Nc6 8. Bc2
cxd4 9. cxd4 Qb6 10. Nb3 Bb4+ 11. Bd2 Bxd2+ 12. Qxd2 Qb4 13. Rc1 b6 14. Bxh7
Qxd2+ 15. Kxd2 Nxd4 16. Nfxd4 Rxh7 17. f4 Bb7 18. h4 Kd8 19. g4 Rc8 20. Rxc8+
Kxc8 21. h5 Kd8 22. Ke3 Nc5 23. Nd2 a5 24. b3 Ke7 25. a3 Rh8 26. Rc1 Kd7 27. b4
axb4 28. axb4 Na6 29. N2f3 Nxb4 30. Rb1 Nc6 31. Rxb6 Kc7 32. Rb2 Nxd4 33. Nxd4
Ra8 34. Nb5+ Kd7 35. g5 Bc6 36. Nd4 Ra3+ 37. Rb3 Rxb3+ 38. Nxb3 Ke7 39. Nd4 Bd7
40. Kf3 Ba4 41. Kg4 Bd1+ 42. Kh4 Kf8 43. g6 fxg6 44. hxg6 Ke7 45. Kg5 Ba4 46. f5
exf5 47. Nxf5+ Kf8 48. Nd4 Ke7 49. Nf5+ Kf8 50. e6 Bc2 51. Nd4 Be4 52. Nc6 Ke8
53. Kf4 1/2-1/2

[Event "ch-GBR KO 2019"]
[Site "London ENG"]
[Date "2019.12.01"]
[Round "1.4"]
[White "Harvey, Marcus R"]
[Black "Adams, Michael"]
[Result "1/2-1/2"]
[WhiteTitle "FM"]
[BlackTitle "GM"]
[WhiteElo "2412"]
[BlackElo "2701"]
[WhiteFideId "400092"]
[BlackFideId "400041"]
[EventDate "2019.12.01"]

1. Nf3 d5 2. b3 Bg4 3. e3 e5 4. h3 Bxf3 5. Qxf3 Nf6 6. Bb2 Nbd7 7. c4 e4 8. Qd1
dxc4 9. Bxc4 Bd6 10. Nc3 O-O 11. d3 exd3 12. Bxd3 Qe7 13. Qc2 Rad8 14. Rd1 Rfe8
15. Be2 c6 16. Qf5 Be5 17. O-O Qc5 18. Qc2 Bc7 19. Rd2 h5 20. Rfd1 h4 21. Na4
Qg5 22. Bf3 Ne5 23. Bxe5 Qxe5 24. Rxd8 Rxd8 25. Rxd8+ Bxd8 26. Qc3 Qf5 27. Qd4
Bc7 28. Nc3 Qc2 29. b4 Bb6 30. Qe5 Qc1+ 31. Nd1 Qd2 32. a3 Qd8 33. Nc3 Nd7 34.
Qd6 Bc7 35. Qd4 Be5 36. Qd3 Qe7 37. Ne4 g6 38. Nd2 Bf6 39. Nc4 Ne5 40. Nxe5 Qxe5
41. Qd4 Qxd4 42. exd4 Bxd4 43. a4 a6 44. Kf1 Kf8 45. b5 cxb5 46. axb5 axb5 47.
Bxb7 Ke7 48. Bd5 f6 49. Ke2 Kd6 50. Bf7 g5 51. f4 gxf4 52. Bh5 Kc5 53. Kd3 Be5
54. Bf3 Kb4 55. Kc2 Kc4 56. Kb1 Kc3 57. Bc6 b4 58. Bd5 b3 59. Bf3 Bd4 60. Bb7
Be3 61. Bf3 1/2-1/2

[Event "ch-GBR KO 2019"]
[Site "London ENG"]
[Date "2019.12.02"]
[Round "2.1"]
[White "Adams, Michael"]
[Black "McShane, Luke J"]
[Result "1/2-1/2"]
[WhiteTitle "GM"]
[BlackTitle "GM"]
[WhiteElo "2701"]
[BlackElo "2677"]
[WhiteFideId "400041"]
[BlackFideId "404853"]
[EventDate "2019.12.01"]

1. e4 e5 2. Nf3 Nc6 3. Bb5 Nf6 4. O-O Nxe4 5. Re1 Nd6 6. Nxe5 Be7 7. Bf1 Nf5 8.
Nf3 d5 9. d4 O-O 10. Nc3 Bb4 11. Bg5 f6 12. Bf4 Nce7 13. Bd2 g5 14. h3 c6 15.
Bd3 Bd6 16. Ne2 Ng7 17. c4 Bf5 18. Bxf5 Ngxf5 19. Qb3 Qd7 20. Nc3 Kh8 21. cxd5
Nxd5 22. Nxd5 cxd5 23. Bb4 Bxb4 24. Qxb4 Rfe8 25. Rxe8+ Rxe8 26. Re1 Rxe1+ 27.
Nxe1 Qe7 28. Qxe7 Nxe7 29. f4 Kg7 30. Kf2 Kf7 1/2-1/2

[Event "ch-GBR KO 2019"]
[Site "London ENG"]
[Date "2019.12.03"]
[Round "2.2"]
[White "McShane, Luke J"]
[Black "Adams, Michael"]
[Result "1/2-1/2"]
[WhiteTitle "GM"]
[BlackTitle "GM"]
[WhiteElo "2677"]
[BlackElo "2701"]
[WhiteFideId "404853"]
[BlackFideId "400041"]
[EventDate "2019.12.01"]

1. e4 e5 2. Nf3 Nc6 3. Bb5 a6 4. Ba4 Nf6 5. O-O Be7 6. Re1 b5 7. Bb3 O-O 8. c3
d5 9. exd5 Nxd5 10. Nxe5 Nxe5 11. Rxe5 c6 12. d3 Bd6 13. Re1 Bf5 14. Qf3 Qh4 15.
g3 Qh3 16. Be3 Bxd3 17. Nd2 Qf5 18. Bd4 Rfd8 19. a4 h6 20. h4 Rac8 21. Qxf5 Bxf5
22. Ne4 c5 23. Nxd6 Rxd6 24. Be5 Rd7 25. axb5 axb5 26. c4 Nb4 27. cxb5 c4 28.
Bd1 Nd3 29. Re3 Rd5 30. Bc3 Rxb5 31. Ba4 1/2-1/2

[Event "ch-GBR KO 2019"]
[Site "London ENG"]
[Date "2019.12.04"]
[Round "2.3"]
[White "Howell, David W L"]
[Black "Jones, Gawain C B"]
[Result "0-1"]
[WhiteTitle "GM"]
[BlackTitle "GM"]
[WhiteElo "2676"]
[BlackElo "2683"]
[WhiteFideId "410608"]
[BlackFideId "409561"]
[EventDate "2019.12.01"]

1. Nf3 Nf6 2. c4 g6 3. g3 Bg7 4. Bg2 O-O 5. O-O d6 6. d4 Nc6 7. Nc3 Rb8 8. b3 a6
9. d5 Na5 10. Bg5 c5 11. dxc6 bxc6 12. c5 dxc5 13. Rc1 Bf5 14. Na4 c4 15. bxc4
Rb4 16. Nc5 Qb6 17. Nd3 Rxc4 18. Rb1 Qd8 19. Nfe5 Bxd3 20. exd3 Rc5 21. d4 Rb5
22. Nxc6 Rxb1 23. Qxb1 Nxc6 24. Bxc6 Qxd4 25. Qb7 Qc5 26. Be3 Qa3 27. Bf3 h5 28.
Qb3 Qxb3 29. axb3 Rb8 30. Be2 Rxb3 31. Bxa6 Ra3 32. Be2 Nd5 33. Bd2 h4 34. Rd1
e6 35. Kg2 Bf6 36. Bc4 Kg7 37. Bxd5 exd5 38. Be3 Ra5 39. g4 g5 40. Kf3 Kg6 41.
h3 Be5 42. Rd3 f6 43. Rb3 Ra1 44. Bd2 Rh1 45. Ke2 Kf7 46. Rb7+ Ke6 47. Rb6+ Kd7
48. Rb3 Kc6 49. Rd3 Ra1 50. Be3 Ra4 51. Kf3 d4 52. Bd2 Ra2 53. Bb4 Kb5 54. Rd2
Ra1 55. Be7 Rh1 56. Ke4 Rxh3 57. Rd1 Kc4 58. Bd8 Rb3 59. Rc1+ Rc3 60. Rd1 Rc2
61. Kf3 d3 62. Bb6 Bd4 63. Ke4 0-1

[Event "ch-GBR KO 2019"]
[Site "London ENG"]
[Date "2019.12.04"]
[Round "2.3"]
[White "McShane, Luke J"]
[Black "Adams, Michael"]
[Result "1-0"]
[WhiteTitle "GM"]
[BlackTitle "GM"]
[WhiteElo "2677"]
[BlackElo "2701"]
[WhiteFideId "404853"]
[BlackFideId "400041"]
[EventDate "2019.12.01"]

1. e4 e5 2. Nf3 Nc6 3. Bb5 a6 4. Bxc6 dxc6 5. O-O Bd6 6. d4 exd4 7. Qxd4 f6 8.
Be3 Ne7 9. Nbd2 Be6 10. Qc3 Qd7 11. Nc4 Bxc4 12. Qxc4 Ng6 13. Rad1 O-O-O 14. Nd4
Ne5 15. Qe2 g6 16. f4 Nf7 17. f5 Rde8 18. Ne6 Qe7 19. Bd4 Nd8 20. Nxd8 Rxd8 21.
fxg6 hxg6 22. h3 Bc5 23. Bxc5 Qxc5+ 24. Kh1 Rxd1 25. Qxd1 f5 26. exf5 gxf5 27.
Qf3 Rf8 28. c3 Qd5 29. Qxd5 cxd5 30. g4 Rh8 31. Rxf5 Rxh3+ 32. Kg2 Rd3 33. g5 d4
34. g6 Rd2+ 35. Rf2 dxc3 36. g7 1-0

[Event "ch-GBR KO 2019"]
[Site "London ENG"]
[Date "2019.12.04"]
[Round "2.4"]
[White "Jones, Gawain C B"]
[Black "Howell, David W L"]
[Result "1/2-1/2"]
[WhiteTitle "GM"]
[BlackTitle "GM"]
[WhiteElo "2683"]
[BlackElo "2676"]
[WhiteFideId "409561"]
[BlackFideId "410608"]
[EventDate "2019.12.01"]

1. e4 e5 2. Nf3 Nf6 3. Nxe5 d6 4. Nf3 Nxe4 5. Nc3 Nxc3 6. dxc3 Be7 7. Be3 Nc6 8.
Qd2 Be6 9. O-O-O Qd7 10. a3 a6 11. Ng5 Bxg5 12. Bxg5 f6 13. Be3 O-O-O 14. h3
Rhe8 15. g4 Na5 16. g5 Nc4 17. Bxc4 Bxc4 18. gxf6 gxf6 19. Qd4 Qf7 20. Rhg1 Rg8
21. b3 Bb5 22. Rg3 Rg6 23. Qf4 Rdg8 24. c4 Bd7 25. c5 dxc5 26. Bxc5 Rxg3 27.
fxg3 Bxh3 28. Re1 Re8 29. Rxe8+ Qxe8 30. Qxf6 b6 31. Bd4 Qd7 32. Be5 Bf5 33. Bf4
Kb7 34. Kb2 Bg6 35. a4 1/2-1/2

[Event "ch-GBR KO 2019"]
[Site "London ENG"]
[Date "2019.12.04"]
[Round "2.5"]
[White "Howell, David W L"]
[Black "Jones, Gawain C B"]
[Result "0-1"]
[WhiteTitle "GM"]
[BlackTitle "GM"]
[WhiteElo "2676"]
[BlackElo "2683"]
[WhiteFideId "410608"]
[BlackFideId "409561"]
[EventDate "2019.12.01"]

1. Nf3 Nf6 2. g3 g6 3. Bg2 Bg7 4. O-O O-O 5. c4 d6 6. d4 Nc6 7. Nc3 Rb8 8. b3 a6
9. d5 Na5 10. Bg5 c5 11. dxc6 bxc6 12. c5 dxc5 13. Rc1 Bf5 14. Bf4 Rb7 15. Ne5
Rb4 16. Qxd8 Rxd8 17. Rfd1 Rbd4 18. Nxc6 Nxc6 19. Bxc6 Rxd1+ 20. Rxd1 Rxd1+ 21.
Nxd1 Be4 22. Bxe4 Nxe4 23. f3 Nd6 24. Kf2 Kf8 25. g4 Ke8 26. Ke3 Kd7 27. Kd3 Kc6
28. h3 h5 29. Ne3 e5 30. Bh2 f5 31. gxh5 gxh5 32. Nc4 e4+ 33. fxe4 Nxe4 34. Bg1
Nc3 35. a4 Nd5 36. Bh2 Nb4+ 37. Ke3 Bh6+ 38. Kf3 Nc2 39. e3 Kd5 40. Nb6+ Ke6 41.
Nc4 Na1 42. Nd2 Bg7 43. e4 Bc3 44. exf5+ Kxf5 45. Ne4 Bb4 46. Ng3+ Kg6 47. Ke4
Nxb3 48. Kd5 Nd2 49. Ne2 c4 50. Be5 Kf5 51. Nd4+ Kg5 52. Nc2 Ba5 53. Bg3 Bb6 54.
Be1 c3 55. Bg3 Nf1 56. Be1 Ne3+ 57. Nxe3 Bxe3 58. Bxc3 Kh4 59. Kc6 Kxh3 60. Kb7
Kg3 61. Bf6 a5 62. Ka6 Bd2 0-1

[Event "ch-GBR KO 2019"]
[Site "London ENG"]
[Date "2019.12.04"]
[Round "2.6"]
[White "Adams, Michael"]
[Black "McShane, Luke J"]
[Result "1/2-1/2"]
[WhiteTitle "GM"]
[BlackTitle "GM"]
[WhiteElo "2701"]
[BlackElo "2677"]
[WhiteFideId "400041"]
[BlackFideId "404853"]
[EventDate "2019.12.01"]

1. e4 g6 2. d4 Bg7 3. Nc3 d6 4. Be3 a6 5. Qd2 b5 6. h4 h6 7. f3 Nd7 8. a4 b4 9.
Nd1 Rb8 10. Bd3 c5 11. c3 Qc7 12. Nh3 Ngf6 13. O-O e5 14. d5 c4 15. Be2 Nc5 16.
Bxc5 Qxc5+ 17. Nhf2 Nh5 18. Ne3 bxc3 19. bxc3 Bf6 20. Rfb1 Rxb1+ 21. Rxb1 Bxh4
22. Rb4 O-O 23. Rxc4 Qa7 24. Ned1 Bg5 25. Qb2 f5 26. exf5 Bxf5 27. g4 Nf4 28.
gxf5 gxf5 29. Kf1 Bh4 30. Qb4 Bxf2 31. Nxf2 Qe3 32. Rxf4 exf4 33. Qxd6 Re8 34.
Qg6+ Kh8 35. Qxh6+ Kg8 36. Qg6+ Kh8 37. Qh5+ Kg7 38. Qg5+ Kh8 39. Qh5+ Kg7 40.
Bd3 Qc1+ 41. Kg2 Re1 42. Qg5+ Kh8 43. Qh6+ Kg8 44. Qg6+ Kh8 45. Qxf5 Kg7 46.
Qg6+ Kf8 47. Qf6+ Ke8 48. Bg6+ Kd7 49. Bf5+ Kc7 50. Qc6+ Kb8 51. Qb6+ Ka8 52.
Qxa6+ Kb8 53. Qc8+ Ka7 54. Qc7+ Ka8 55. Qc6+ Kb8 56. Qb6+ Ka8 57. Bc8 Rg1+ 58.
Kh2 Rh1+ 59. Nxh1 Qxh1+ 60. Kxh1 1/2-1/2

[Event "ch-GBR KO 2019"]
[Site "London ENG"]
[Date "2019.12.04"]
[Round "2.8"]
[White "Jones, Gawain C B"]
[Black "Howell, David W L"]
[Result "1/2-1/2"]
[WhiteTitle "GM"]
[BlackTitle "GM"]
[WhiteElo "2683"]
[BlackElo "2676"]
[WhiteFideId "409561"]
[BlackFideId "410608"]
[EventDate "2019.12.01"]

1. e4 c6 2. Nf3 d5 3. Nc3 dxe4 4. Nxe4 Nf6 5. Qe2 Nxe4 6. Qxe4 Qa5 7. b4 Qf5 8.
Qe3 Qe6 9. Be2 Qxe3 10. fxe3 f6 11. a3 e5 12. d4 exd4 13. exd4 Be6 14. Bf4 Nd7
15. O-O Nb6 16. Bd3 Bc4 17. Rae1+ Kf7 18. Bc1 Bxd3 19. Ne5+ Kg8 20. Nxd3 Nc4 21.
Re4 Bd6 22. c3 Kf7 23. Ne5+ Nxe5 24. dxe5 Rhe8 25. Bf4 Re6 26. Rd4 Bxe5 27. Bxe5
Rxe5 28. Rd7+ Re7 29. Rfd1 Re8 30. Kf2 Rxd7 31. Rxd7+ Re7 32. Rd8 a6 33. a4 h5
34. Kf3 Kg6 35. Kf4 Kf7 36. h4 Kg6 37. a5 Kf7 38. Rb8 Kg6 39. Rh8 Re2 40. Rb8
Re7 41. Ra8 Kf7 42. g3 Kg6 43. c4 Kf7 44. Ra7 Kf8 45. Kf5 Kf7 46. Ra8 Re5+ 47.
Kf4 Re7 48. Rh8 Kg6 49. Rf8 Re1 50. Rb8 Re7 51. Rd8 Kf7 52. Rc8 Kg6 53. Rh8 Re1
54. Rb8 Rc1 55. Rxb7 Rxc4+ 56. Ke3 c5 57. b5 axb5 58. Rxb5 Kf5 59. Kd3 Rc1 60.
Kd2 Ra1 61. Kc2 Kg4 62. Kb2 Ra4 63. Kb3 Ra1 64. Kb2 Ra4 65. Rxc5 Kxg3 66. Kb3
Ra1 67. Rxh5 g6 68. Rc5 f5 69. Kb2 Ra4 70. Kb3 Ra1 71. h5 gxh5 72. Kb2 Ra4 73.
Kb3 Ra1 74. Rxf5 h4 75. Kb2 Ra4 76. Kb3 Ra1 77. Rg5+ Kf4 78. Rh5 Kg4 79. Rc5 h3
80. Rc4+ 1/2-1/2

[Event "ch-GBR KO 2019"]
[Site "London ENG"]
[Date "2019.12.06"]
[Round "3.1"]
[White "Adams, Michael"]
[Black "Howell, David W L"]
[Result "1/2-1/2"]
[WhiteTitle "GM"]
[BlackTitle "GM"]
[WhiteElo "2701"]
[BlackElo "2676"]
[WhiteFideId "400041"]
[BlackFideId "410608"]
[EventDate "2019.12.01"]

1. e4 e5 2. Nf3 Nc6 3. Bb5 Nf6 4. d3 Bc5 5. Bxc6 dxc6 6. O-O Qe7 7. Nbd2 Bg4 8.
a3 Nd7 9. h3 Bh5 10. b4 Bd6 11. Nc4 O-O 12. Bd2 Rfe8 13. Ne3 Nf8 14. Nf5 Qd7 15.
Ng3 Bg6 16. Nh4 Ne6 17. Qg4 Rad8 18. Nhf5 Nd4 19. Rac1 c5 20. Be3 cxb4 21. axb4
h5 22. Qg5 Be7 23. Nxe7+ Qxe7 24. Qxe7 Rxe7 25. Rfe1 f6 26. Ne2 Nxe2+ 27. Rxe2
a6 28. h4 Be8 29. Ra1 Re6 30. f3 Kf7 31. Kf2 Bb5 32. Ke1 Bc6 33. Kd2 Ree8 34.
Kc3 Rd7 35. Rf2 Kg6 36. Rg1 Rh8 37. g3 Kf7 38. f4 Re7 39. fxe5 Rxe5 40. Bd4 Re6
41. e5 Rh6 42. g4 hxg4 43. Rxg4 Rg6 44. Rgf4 Rh6 45. Kd2 Ke7 46. exf6+ gxf6 47.
Rf5 Bd7 48. R5f4 Kf7 49. Rg2 Bc6 50. Rg5 Rg6 51. Rf2 Bd7 52. Rc5 Rc6 53. Rd5 Rd6
54. Rxd6 cxd6 55. Be3 Rg4 56. Rf4 Rxf4 57. Bxf4 d5 58. h5 Bg4 59. h6 Kg6 60. Ke3
Bd1 61. c3 Bc2 62. Kd4 b5 63. Kxd5 1/2-1/2

[Event "ch-GBR KO 2019"]
[Site "London ENG"]
[Date "2019.12.06"]
[Round "3.1"]
[White "McShane, Luke J"]
[Black "Jones, Gawain C B"]
[Result "0-1"]
[WhiteTitle "GM"]
[BlackTitle "GM"]
[WhiteElo "2677"]
[BlackElo "2683"]
[WhiteFideId "404853"]
[BlackFideId "409561"]
[EventDate "2019.12.01"]

1. d4 Nf6 2. c4 c6 3. Nc3 d5 4. cxd5 cxd5 5. Bf4 Nc6 6. e3 e6 7. Bd3 Bd6 8. Bxd6
Qxd6 9. f4 h6 10. Nf3 g5 11. Qd2 gxf4 12. exf4 Bd7 13. Kf2 Ng4+ 14. Ke2 Qb4 15.
Bb1 Na5 16. b3 Rg8 17. g3 Nc6 18. Rc1 Ke7 19. Kf1 h5 20. Kg2 h4 21. a3 Qb6 22.
Re1 Kd8 23. h3 Nf6 24. g4 Nxg4 25. hxg4 Rxg4+ 26. Kh2 Kc7 27. Bc2 Rg3 28. Rf1
Rag8 29. Rf2 Kb8 30. Kh1 Rh3+ 31. Nh2 Nxd4 32. Na4 Bxa4 33. bxa4 Nxc2 34. Qxc2
Rc8 35. Qe2 d4 36. Qe4 f5 37. Qe5+ Ka8 38. Qb5 Qc7 39. Rb1 a6 40. Qf1 Rg3 41.
Qe2 Qc6+ 42. Rf3 Qd5 43. Rf1 d3 44. Qe3 d2 45. Rd1 Rc1 46. Qe2 Rxf3 47. Nxf3 Qb3 0-1

[Event "ch-GBR KO 2019"]
[Site "London ENG"]
[Date "2019.12.06"]
[Round "3.2"]
[White "Howell, David W L"]
[Black "Adams, Michael"]
[Result "1/2-1/2"]
[WhiteTitle "GM"]
[BlackTitle "GM"]
[WhiteElo "2676"]
[BlackElo "2701"]
[WhiteFideId "410608"]
[BlackFideId "400041"]
[EventDate "2019.12.01"]

1. e4 e5 2. Nf3 Nc6 3. Bb5 a6 4. Ba4 Nf6 5. O-O Be7 6. Re1 b5 7. Bb3 O-O 8. c3
d5 9. exd5 Nxd5 10. Nxe5 Nxe5 11. Rxe5 c6 12. d3 Bd6 13. Re1 Bf5 14. Qf3 Qh4 15.
g3 Qh3 16. Nd2 Rae8 17. Ne4 Bg4 18. Qg2 Qxg2+ 19. Kxg2 f5 20. Bf4 Bxf4 21. gxf4
fxe4 22. dxe4 Bf3+ 23. Kxf3 Rxf4+ 24. Kg3 Rfxe4 25. Rxe4 Rxe4 26. f3 Re5 27. c4
bxc4 28. Bxc4 a5 29. Rc1 Kf8 30. h4 Ne7 31. Bd3 Rd5 32. Be4 Rd2 33. Rc5 a4 34.
Ra5 Rxb2 35. Rxa4 Kf7 36. Ra7 Kf6 37. a4 Ra2 38. a5 h6 39. h5 Nd5 40. Ra8 Ke5
41. Re8+ Kd6 42. Rg8 Nf6 43. Ra8 Nxh5+ 44. Kg4 Nf6+ 45. Kf5 h5 46. Ra7 h4 47.
Rxg7 Nxe4 48. Kxe4 Rxa5 49. Rg6+ Kc7 50. Rh6 Ra1 51. f4 Rh1 52. Kf3 h3 53. Kg3
c5 54. f5 Kd7 55. Rh7+ Kd6 56. f6 Rf1 57. Rf7 c4 58. Rf8 Kd7 59. Rf7+ Ke6 60.
Rc7 Kd5 61. f7 Kd4 62. Kxh3 c3 63. Kg4 Kd3 64. Kg5 c2 1/2-1/2

[Event "ch-GBR KO 2019"]
[Site "London ENG"]
[Date "2019.12.06"]
[Round "3.2"]
[White "Jones, Gawain C B"]
[Black "McShane, Luke J"]
[Result "0-1"]
[WhiteTitle "GM"]
[BlackTitle "GM"]
[WhiteElo "2683"]
[BlackElo "2677"]
[WhiteFideId "409561"]
[BlackFideId "404853"]
[EventDate "2019.12.01"]

1. d4 e6 2. Bf4 c5 3. e3 Qb6 4. Nc3 a6 5. a3 Nf6 6. Nf3 Nh5 7. dxc5 Bxc5 8. Na4
Qa5+ 9. c3 Be7 10. b4 Qd8 11. Bd6 b5 12. Nc5 Qb6 13. Bxe7 Kxe7 14. g4 Nf6 15. g5
Ne8 16. Bg2 d6 17. Nd4 Ra7 18. Ne4 Ra8 19. Nc5 Ra7 20. Ne4 e5 21. Nb3 Be6 22.
Na5 Nc6 23. Nb3 Kf8 24. Kf1 Ne7 25. Na5 Rc7 26. Qd2 h6 27. h4 d5 28. Ng3 Nd6 29.
Kg1 Rc8 30. e4 Nc4 31. Nxc4 dxc4 32. Rd1 Ng6 33. Nf5 Nf4 34. Bf3 Nd3 35. Qe3
Qxe3 36. Nxe3 a5 37. gxh6 Rxh6 38. Be2 Nf4 39. Kf1 axb4 40. axb4 Ra8 41. Bg4
Bxg4 42. Nxg4 Rd6 43. Re1 f6 44. h5 Ra3 45. h6 gxh6 46. Nxh6 Rd2 47. Nf5 Nd3 48.
Rh8+ Kf7 49. Rh7+ Kg8 50. Rg7+ Kf8 51. Rg6 Rxf2+ 52. Kg1 Raa2 53. Rxf6+ Ke8 54.
Nd6+ Kd7 55. Rxf2 Rxf2 56. Nxb5 Ra2 57. Re3 Kc6 58. Nd4+ exd4 59. cxd4 Rd2 60.
d5+ Kb5 61. d6 c3 0-1

[Event "ch-GBR KO 2019"]
[Site "London ENG"]
[Date "2019.12.07"]
[Round "3.5"]
[White "Howell, David W L"]
[Black "Adams, Michael"]
[Result "1/2-1/2"]
[WhiteTitle "GM"]
[BlackTitle "GM"]
[WhiteElo "2676"]
[BlackElo "2701"]
[WhiteFideId "410608"]
[BlackFideId "400041"]
[EventDate "2019.12.01"]

1. Nf3 d5 2. c4 d4 3. b4 c5 4. e3 Nf6 5. Bb2 dxe3 6. fxe3 cxb4 7. d4 g6 8. Bd3
Bg7 9. O-O O-O 10. a3 bxa3 11. Rxa3 Nc6 12. Qe1 a5 13. Nc3 Nb4 14. Bb1 b6 15.
Na2 Nxa2 16. Bxa2 Bf5 17. Ne5 Be4 18. d5 Qd6 19. Qh4 Bf5 20. Nc6 Bd7 21. Nd4 Ng4
22. Rd3 Bf6 23. Qg3 Qxg3 24. hxg3 Rfc8 25. Rc1 a4 26. Kf1 Rc7 27. Ke2 Rac8 28.
Ba3 Ne5 29. Rdc3 Kg7 30. Kd2 h5 31. R3c2 Kh7 32. Rc3 Kg7 33. R3c2 Bf5 34. Nxf5+
gxf5 35. Ke2 Kg6 36. Kd2 Kg5 37. Ke2 Kg4 38. Rf1 Kg5 39. Rfc1 Kg4 40. Rf1 Kg5 1/2-1/2